| 000 | 00614nam a2200229Ia 4500 | ||
|---|---|---|---|
| 003 | OSt | ||
| 005 | 20221007071056.0 | ||
| 006 | a|||||r|||| 00| 0 | ||
| 007 | ta | ||
| 008 | 221006b |||||||| |||| 00| 0 eng d | ||
| 024 | _a28,686 | ||
| 037 | _cTextual | ||
| 040 |
_aFLL _cFLL _beng |
||
| 041 |
_2eng _aeng |
||
| 082 | _aZq7z, J7.1;1 | ||
| 100 |
_aBaillie Neil B.E. _9688085 |
||
| 245 | 0 | _aDigest of moohummudan law | |
| 260 |
_aLahore _bPremier Book House Pakistan _c1957 |
||
| 300 |
_ali,860p _ccm. |
||
| 942 |
_hZq7z, J7.1;1 _cTEXL _2CC |
||
| 999 |
_c1142372 _d1142372 |
||